Economía y sociedad: coación-cambio-don
Salvato in:
| Autore principale: | |
|---|---|
| Natura: | Libro |
| Lingua: | spagnolo |
| Pubblicazione: |
Barcelona
Ariel
1962
|
| Serie: | DEMOS. Colección de Ciencia Políca, 10
|
| Soggetti: | |
| Tags: |
Aggiungi Tag
Nessun Tag, puoi essere il primo ad aggiungerne!!
|
MARC
| LEADER | 00000nam a2200000 a 4500 | ||
|---|---|---|---|
| 001 | UCW9614 | ||
| 003 | CL-VaPUC | ||
| 008 | 890530e19620000SP |||||||||||||||||spa|d | ||
| 082 | 0 | 4 | |a 330 |b PER |2 21 |
| 100 | 0 | |a Perroux, Francois |e author |9 314935 | |
| 245 | 1 | 0 | |a Economía y sociedad: coación-cambio-don |
| 300 | |a 180 p | ||
| 942 | |c BK | ||
| 945 | |d 19890530 00:00:00 | ||
| 260 | |a Barcelona |b Ariel |c 1962 | ||
| 650 | 0 | |a Economía |9 255568 | |
| 583 | |a last modification |c 19890530 00:00:00 |k Rodrigo Vera | ||
| 490 | 0 | |a DEMOS. Colección de Ciencia Políca, 10 | |
| 999 | |c 221531 |d 221529 | ||
| 952 | |0 0 |1 0 |4 0 |6 330_000000000000000_PER_1962 |7 0 |8 A |9 214971 |a BIBHIS |b BIBHIS |d 2019-11-15 |i 2835347 |o 330 PER 1962 |p 2835347 |r 2025-01-20 |w 2019-11-15 |y BK |k HIS | ||
| 952 | |0 0 |1 0 |4 0 |6 330_000000000000000_PER_1962 |7 0 |8 P |9 214972 |a BIBEDU |b BIBEDU |c BIBEDU_PB |d 2019-11-15 |i 2835355 |o 330 PER 1962 |p 2835355 |r 2024-01-25 |w 2019-11-15 |y BK |k LIT | ||